ბათუმის შოთა რუსთაველის სახელმწიფო უნივერსიტეტის ბიბლიოთეკა

Теоретическая механика в примерах и задачах.Т.1:Статика и кинематика. (ბიბ.ჩანაწერი № 48033)

000 -LEADER
fixed length control field 00747nam a2200217Ia 4500
001 - CONTROL NUMBER
control field 14913
003 - CONTROL NUMBER IDENTIFIER
control field GE_BSU
008 - FIXED-LENGTH DATA ELEMENTS--GENERAL INFORMATION
fixed length control field 181216s||||||||xx |||||||||||||| ||und||
040 ## - CATALOGING SOURCE
Transcribing agency GE_BSU
100 ## - MAIN ENTRY--PERSONAL NAME
Personal name Бать,М.И. Джанелидзе,Г.Ю. Кельзон,А.С.
245 ## - TITLE STATEMENT
Title Теоретическая механика в примерах и задачах.Т.1:Статика и кинематика.
245 ## - TITLE STATEMENT
Remainder of title Учеб. пособие.
245 ## - TITLE STATEMENT
Statement of responsibility, etc. Под.ред.Г.Ю.Джанелидзе
260 ## - PUBLICATION, DISTRIBUTION, ETC.
Place of publication, distribution, etc. Москва
260 ## - PUBLICATION, DISTRIBUTION, ETC.
Name of publisher, distributor, etc. Госиздат
260 ## - PUBLICATION, DISTRIBUTION, ETC.
Date of publication, distribution, etc. 1961
300 ## - PHYSICAL DESCRIPTION
Extent 472стр.22см.
653 ## - INDEX TERM--UNCONTROLLED
Uncontrolled term Статика и кинематика.
653 ## - INDEX TERM--UNCONTROLLED
Uncontrolled term Теоретическая механика.
942 ## - ADDED ENTRY ELEMENTS (KOHA)
Koha item type წიგნი
ეგზემპლარები
Withdrawn status Lost status Damaged status Not for loan Date acquired Barcode Date last seen Price effective from Koha item type
        2018-12-17 18181 2018-12-17 2018-12-17 წიგნი
        2018-12-17 18182 2018-12-17 2018-12-17 წიგნი